| 000 | 00000nam##2200000za#4500 |
| 001 | 9.587614 |
| 003 | CaOODSP |
| 005 | 20210624194722 |
| 007 | cr ||||||||||| |
| 008 | 150406|2008||||xxc|||||o f|0| 0 fre|d |
| 022 | |a1701-1280 |
| 040 | |aCaOODSP|bfre |
| 041 | |aeng |
| 041 | |afre |
| 043 | |an-cn--- |
| 086 | 1 |aFs70-4/2008-005-PDF |
| 110 | 1 |aCanada. |bMinistère des pêches et des océans. |
| 245 | 10|aCompte rendu de la réunion du Processus de consultation scientifique régional de Terre-Neuve et du Labrador concernant la morue de 2J3KL en 2008 / |h[ressource électronique]|cÉditeur, D.B. Atkinson. |
| 260 | |aOttawa - Ontario : |bPêches et Océans Canada |cAoût 2008. |
| 300 | |a67p.|bréférences, tableaux |
| 490 | 1 |aSecrétariat canadien de consultation scientifique, série des comptes rendus|x1701-1280|v2008/005 |
| 500 | |a«Du 26 au 29 mars 2008, The Gazebo, Club de golfe Clovelly, Stavanger Drive, St. John's, T.-N.L.» |
| 546 | |aEn anglais avec avant-propos et sommaire bilingues. |
| 590 | |a11-27-Supp|b2011-11-15 |
| 791 | |tProceedings of the Newfoundland and Labrador regional advisory process for 2J3KL cod, 2008 / |eeng|w(CaOODSP)9.587613 |
| 830 | #0|aCompte rendu (Secrétariat canadien de consultation scientifique)|x1701-1280|v2008/005|w(CaOODSP)9.500508 |
| 856 | 40|ahttp://publications.gc.ca|qPDF|s312 Ko|uhttps://publications.gc.ca/collections/collection_2011/mpo-dfo/Fs70-4-2008-005.pdf|y2008/005 |